Vị từ trạng thái trong Vang bóng một thời của Nguyễn Tuân
Những vấn đề lí luận. Các tiểu loại vị từ trạng thái và cấu tạo của vị từ trạng thái trong Vang bóng một thời. Giá trị nghệ thuật của vị từ trạng thái trong Vang bóng một thời
Сохранить в:
| Главный автор: | |
|---|---|
| Другие авторы: | |
| Формат: | |
| Язык: | Vietnamese |
| Опубликовано: |
Đà Nẵng
Đại học Sư phạm, Đại học Đà Nẵng
2012
|
| Предметы: | |
| Метки: |
Добавить метку
Нет меток, Требуется 1-ая метка записи!
|
| Thư viện lưu trữ: | Mạng thư viện Đại học Đà Nẵng |
|---|
| LEADER | 01810nam a2200349 4500 | ||
|---|---|---|---|
| 001 | 000016984 | ||
| 003 | 13395 | ||
| 005 | 20130117100119.0 | ||
| 008 | 130116s2012 viesd | ||
| 041 | 0 | |a vie | |
| 082 | |a 895.9223 |b ĐĂ-A | ||
| 100 | 1 | |a Đặng Thị Ánh | |
| 245 | 0 | |a Vị từ trạng thái trong Vang bóng một thời của Nguyễn Tuân |c Đặng Thị Ánh ; Nguyễn Hoàng Phương hướng dẫn |k Khóa luận tốt nghiệp | |
| 260 | |a Đà Nẵng |b Đại học Sư phạm, Đại học Đà Nẵng |c 2012 | ||
| 300 | |a 51 tr., phụ lục 15 tr. |c 29 cm. |e Đĩa CD, tài liệu tóm tắt | ||
| 500 | |a Khóa luận tốt nghiệp đại học. Chuyên ngành: Cử nhân văn học | ||
| 504 | |a Mục lục đầu trang, tài liệu tham khảo tr. 73 - 74, phụ lục [13 tr.] | ||
| 520 | |a Những vấn đề lí luận. Các tiểu loại vị từ trạng thái và cấu tạo của vị từ trạng thái trong Vang bóng một thời. Giá trị nghệ thuật của vị từ trạng thái trong Vang bóng một thời | ||
| 600 | 1 | 4 | |a Nguyễn Tuân |b Vua |c Đinh Tiên Hoàng |d 1910-1987 |t Vang bóng một số |
| 650 | 0 | 4 | |a Truyện ngắn Việt Nam |v Khóa luận tốt nghiệp |x Nghiên cứu |
| 653 | |a Khoa Ngữ văn | ||
| 700 | |a Nguyễn Hoàng Phương |e Hướng dẫn | ||
| OWN | |a LSP | ||
| AVA | |a UDN50 |b LSP |d 895.9223 ĐĂ-A |e available |t Error 5001 Not defined in file expand_doc_bib_avail. |f 1 |g 0 |h N |i 0 |k 1 | ||
| 999 | |a From the UDN01 | ||
| AVA | |a UDN50 |b LSP |d 895.9223 ĐĂ-A |e available |t Error 5001 Not defined in file expand_doc_bib_avail. |f 1 |g 0 |h N |i 0 |k 1 | ||
| TYP | |a Monograph | ||
| TYP | |a Printed language | ||
| 980 | |a Mạng thư viện Đại học Đà Nẵng | ||